书目信息 |
| 题名: |
增强氯化聚乙烯橡胶卷材防水工程技术规程CECS 63:94
|
|
| 作者: | 浙江工业大学 主编 | |
| 分册: | ||
| 出版信息: | 1994.12 |
|
| 页数: | 51页 | |
| 开本: | 32开 | |
| 丛书名: | ||
| 单 册: | ||
| 中图分类: | TU761.11-65 | |
| 科图分类: | ||
| 主题词: | 建筑工程--工程施工 | |
| 电子资源: | ||
| ISBN: | ||
| 000 | 00659nam0 2200193 45 | |
| 001 | 0009261015 | |
| 005 | 20001219151715.8 | |
| 010 | @d4.00元 | |
| 100 | @a20000926d1994 km y0chiy0120 ea | |
| 101 | 0 | @achi |
| 105 | @a z 000yy | |
| 200 | 1 | @a增强氯化聚乙烯橡胶卷材防水工程技术规程CECS 63:94@AZeng Qiang Lu Hua Ju Yi Xi Xiang Jiao Juan Cai Fang Shui Gong Cheng Ji Shu Gui Cheng CECS 63:94@f浙江工业大学主编@FZhe Jiang Gong Ye Da Xue Zhu Bian |
| 210 | @d1994.12 | |
| 215 | @a51页@d32开 | |
| 606 | 0 | @a建筑工程@x工程施工 |
| 690 | @aTU761.11-65@v3 | |
| 701 | 0 | @a浙江工业大学@4主编 |
| 801 | @aCN@bPftUser@c20000926 | |
| 905 | @dTU761.11-65@eZH269@b309598-602@f5 | |
| 增强氯化聚乙烯橡胶卷材防水工程技术规程CECS 63:94/浙江工业大学主编.-1994.12 |
| 51页;32开 |
| ISBN :4.00元 |
| ● |
| 相关链接 |
|
|
|
正题名:增强氯化聚乙烯橡胶卷材防水工程技术规程CE
索取号:TU761.11-65/ZH269
 
预约/预借
| 序号 | 登录号 | 条形码 | 馆藏地/架位号 | 状态 | 备注 |
| 1 | 309598 | 203095989 | 建筑库201/201建筑库 45排3列5层/ [索取号:TU761.11-65/ZH269] | 在馆 | |
| 2 | 309599 | 203095998 | 建筑库201/201建筑库 45排3列5层/ [索取号:TU761.11-65/ZH269] | 在馆 | |
| 3 | 309600 | 203096005 | 建筑库201/201建筑库 45排3列5层/ [索取号:TU761.11-65/ZH269] | 在馆 | |
| 4 | 309601 | 203096014 | 建筑库201/201建筑库 45排3列5层/ [索取号:TU761.11-65/ZH269] | 在馆 | |
| 5 | 309602 | 203096023 | 建筑库201/201建筑库 45排3列5层/ [索取号:TU761.11-65/ZH269] | 在馆 |